[Event "Mittelfranken-ch QT 50th"]
[Site "Buechenbach"]
[Date "2001.??.??"]
[Round "4"]
[White "Becher, Thomas"]
[Black "Lowitz, Torsten"]
[Result "1/2-1/2"]
[WhiteElo "1844"]
[BlackElo "1770"]
[PlyCount "142"]
[EventDate "2001.04.11"]
[EventType "swiss"]
[EventRounds "7"]
[EventCountry "GER"]
[SourceTitle "EXT 2015"]
[Source "ChessBase"]
[SourceDate "2014.11.20"]
[SourceVersion "1"]
[SourceVersionDate "2014.11.20"]
[SourceQuality "1"]

1. d4 f5 2. c4 Nf6 3. Nc3 g6 4. Bf4 Bg7 5. e3 0-0 6. h3 d6 7. Bd3 Qe8 8. Nf3 c6 9. Qc2 Nbd7 10. Nd2 e5 11. Bh2 exd4 12. Nd1 dxe3 13. fxe3 Ne5 14. 0-0 Nxd3 15. Qxd3 d5 16. Nc3 Be6 17. Rae1 Rd8 18. c5 Ne4 19. Na4 Bc8 20. Nf3 Qe7 21. b4 Rfe8 22. Re2 Ng5 23. Bd6 Nxf3+ 24. Rxf3 Qe4 25. Qd2 Be5 26. Bxe5 Qxe5 27. Nc3 b6 28. Qd4 Ba6 29. Qxe5 Rxe5 30. Rd2 bxc5 31. bxc5 Rb8 32. Kf2 Re7 33. Rf4 Bc4 34. g4 fxg4 35. hxg4 Rf7 36. Rxf7 Kxf7 37. e4 Ke6 38. Ke3 Ke5 39. exd5 cxd5 40. Na4 Rb5 41. Rh2 d4+ 42. Kd2 Ra5 43. Nb2 Rxa2 44. Kc1 Ra1+ 45. Kd2 Bb5 46. Rxh7 Kf4 47. Rb7 Bc6 48. Nd3+ Ke4 49. Re7+ Kd5 50. Re5+ Kc4 51. Nb2+ Kb3 52. Nd3 Ra2+ 53. Ke1 Kc3 54. Nf4 Ra1+ 55. Kf2 Bb5 56. c6 a6 57. Rc5+ Kb4 58. c7 Bd7 59. c8Q Bxc8 60. Rxc8 g5 61. Nd5+ Kb3 62. Ke2 Ra2+ 63. Kd3 Rg2 64. Rb8+ Ka3 65. Kxd4 Rxg4+ 66. Kc3 Rg3+ 67. Kc2 Rh3 68. Nc3 Rh2+ 69. Kc1 g4 70. Nb1+ Ka4 71. Nc3+ Ka5 1/2-1/2

[Event "Mittelfranken-ch QT 50th"]
[Site "Buechenbach"]
[Date "2001.??.??"]
[Round "5"]
[White "Muskat, Gunter"]
[Black "Becher, Thomas"]
[Result "1-0"]
[WhiteElo "1815"]
[BlackElo "1844"]
[PlyCount "65"]
[EventDate "2001.04.11"]
[EventType "swiss"]
[EventRounds "7"]
[EventCountry "GER"]
[SourceTitle "EXT 2015"]
[Source "ChessBase"]
[SourceDate "2014.11.20"]
[SourceVersion "1"]
[SourceVersionDate "2014.11.20"]
[SourceQuality "1"]

1. c4 Nf6 2. Nc3 e6 3. e4 d5 4. e5 Nfd7 5. Nf3 dxc4 6. Bxc4 b6 7. d4 Bb7 8. 0-0 Be7 9. Bf4 c6 10. Qd2 Na6 11. Rfe1 Nc7 12. Ne4 0-0 13. a3 c5 14. dxc5 Bxe4 15. Rxe4 Nxc5 16. Rd4 Qe8 17. b4 N5a6 18. Ng5 Rd8 19. Qd3 g6 20. Ne4 Rxd4 21. Qxd4 Qd8 22. Nd6 g5 23. Bg3 f5 24. f4 Nb8 25. Qd3 Nc6 26. Rd1 h5 27. Qb3 h4 28. Bxe6+ Kh7 29. Bxf5+ Kg7 30. Be4 hxg3 31. Nf5+ Kh8 32. Rxd8 Rxd8 33. Bxc6 1-0

[Event "Mittelfranken-ch QT 49th"]
[Site "Ansbach"]
[Date "2000.??.??"]
[Round "2"]
[White "Becher, Thomas"]
[Black "Goetz, Dieter"]
[Result "1/2-1/2"]
[WhiteElo "1825"]
[BlackElo "1961"]
[PlyCount "57"]
[EventDate "2000.04.19"]
[EventType "swiss"]
[EventRounds "7"]
[EventCountry "GER"]
[SourceTitle "EXT 2015"]
[Source "ChessBase"]
[SourceDate "2014.11.20"]
[SourceVersion "1"]
[SourceVersionDate "2014.11.20"]
[SourceQuality "1"]

1. d4 Nf6 2. c4 e5 3. dxe5 Ng4 4. Nf3 Bc5 5. e3 Nc6 6. e6 fxe6 7. a3 a5 8. Be2 0-0 9. Nc3 d6 10. Ne4 Bb6 11. b3 Nge5 12. Bb2 Nxf3+ 13. Bxf3 Kh8 14. Qc2 e5 15. 0-0-0 Qe7 16. Nc3 Bf5 17. Be4 Bxe4 18. Nxe4 Nb8 19. h4 Nd7 20. Ng5 Nf6 21. Rde1 g6 22. f4 Bc5 23. Ne4 Nxe4 24. Qxe4 c6 25. h5 g5 26. fxe5 Kg8 27. Rhf1 dxe5 28. a4 Ba3 29. Kc2 1/2-1/2

[Event "Mittelfranken-ch Nord"]
[Site "Roethenbach"]
[Date "1996.??.??"]
[Round "2"]
[White "Becher, Thomas"]
[Black "Maettig, Stefan"]
[Result "0-1"]
[WhiteElo "1820"]
[BlackElo "2025"]
[PlyCount "80"]
[EventDate "1996.??.??"]
[EventType "swiss"]
[EventRounds "7"]
[EventCountry "GER"]
[SourceTitle "EXT 2004"]
[Source "ChessBase"]
[SourceDate "2003.11.25"]
[SourceVersion "1"]
[SourceVersionDate "2003.11.25"]
[SourceQuality "1"]

1. d4 Nf6 2. c4 e6 3. Nc3 Bb4 4. Qc2 c5 5. a3 Bxc3+ 6. bxc3 Qa5 7. Bd2 d6 8. e4 Nc6 9. d5 Ne7 10. Bd3 e5 11. Ne2 Ng6 12. f4 exf4 13. Nxf4 Ne5 14. Be2 Bg4 15. Bxg4 Nfxg4 16. Qb3 Qa6 17. Qb5+ Qxb5 18. cxb5 Nf6 19. Ke2 Nxe4 20. Ke3 Nf6 21. h4 0-0 22. Rhc1 Nfg4+ 23. Ke2 Rfe8 24. Kd1 Nc4 25. Kc2 Re4 26. g3 Rae8 27. a4 Nge5 28. Rf1 h6 29. Nh5 Re2 30. Rad1 Ne3+ 31. Kb1 Nxf1 32. Bxh6 Nc4 33. Rxf1 gxh6 34. Nf6+ Kf8 35. Nxe8 Nd2+ 36. Kc1 Nxf1 37. Kd1 Rxe8 38. a5 Nxg3 39. Kd2 b6 40. axb6 axb6 0-1

[Event "Mittelfranken-ch Nord"]
[Site "Roethenbach"]
[Date "1996.??.??"]
[Round "3"]
[White "Diehl, Achim"]
[Black "Becher, Thomas"]
[Result "1-0"]
[WhiteElo "1745"]
[BlackElo "1820"]
[PlyCount "107"]
[EventDate "1996.??.??"]
[EventType "swiss"]
[EventRounds "7"]
[EventCountry "GER"]
[SourceTitle "EXT 2004"]
[Source "ChessBase"]
[SourceDate "2003.11.25"]
[SourceVersion "1"]
[SourceVersionDate "2003.11.25"]
[SourceQuality "1"]

1. e4 c5 2. Nf3 d6 3. d4 cxd4 4. Nxd4 Nf6 5. Nc3 a6 6. Be2 g6 7. Be3 Bg7 8. Qd2 0-0 9. Bh6 Bd7 10. h4 Nc6 11. Bxg7 Kxg7 12. h5 Nxd4 13. Qxd4 Bc6 14. 0-0-0 b5 15. g4 e5 16. Qe3 b4 17. Nd5 Bxd5 18. exd5 Rh8 19. g5 Nd7 20. Kb1 Qc7 21. h6+ Kf8 22. Bg4 f5 23. gxf6 Nxf6 24. Be6 Ke8 25. f4 e4 26. Qd4 Rf8 27. Qxb4 Rb8 28. Qd4 Qb6 29. Rhg1 Qxd4 30. Rxd4 Nh5 31. Rxe4 Rxf4 32. Ree1 Kf8 33. Rgf1 Rbb4 34. Bh3 Rxf1 35. Bxf1 a5 36. c4 Rb7 37. a3 Re7 38. Rxe7 Kxe7 39. b4 axb4 40. axb4 Kd7 41. Kc2 Nf6 42. Bh3+ Kc7 43. Be6 Ne4 44. Kd3 Ng5 45. Bg8 Kd7 46. c5 dxc5 47. bxc5 Ke7 48. Ke3 Kf8 49. Kf4 Kxg8 50. Kxg5 Kf7 51. Kf4 Ke7 52. Ke5 Ke8 53. c6 Ke7 54. d6+ 1-0

[Event "Mittelfranken-ch Nord"]
[Site "Roethenbach"]
[Date "1996.??.??"]
[Round "5"]
[White "Schmitt, Werner"]
[Black "Becher, Thomas"]
[Result "0-1"]
[WhiteElo "1745"]
[BlackElo "1820"]
[PlyCount "106"]
[EventDate "1996.??.??"]
[EventType "swiss"]
[EventRounds "7"]
[EventCountry "GER"]
[SourceTitle "EXT 2004"]
[Source "ChessBase"]
[SourceDate "2003.11.25"]
[SourceVersion "1"]
[SourceVersionDate "2003.11.25"]
[SourceQuality "1"]

1. Nc3 d5 2. e4 dxe4 3. Nxe4 g6 4. Bc4 Bg7 5. Nf3 Nf6 6. Ng3 Nc6 7. a3 0-0 8. 0-0 Bg4 9. h3 Bxf3 10. Qxf3 Ne5 11. Qb3 Nxc4 12. Qxc4 c6 13. c3 e6 14. d4 Re8 15. Bg5 Qd5 16. Qxd5 exd5 17. f3 Nd7 18. Rfe1 f6 19. Be3 Re7 20. Re2 Rae8 21. Rae1 Kf7 22. Kf1 b5 23. Bf4 Nb6 24. Rxe7+ Rxe7 25. Rxe7+ Kxe7 26. b3 Kd7 27. Ke2 Bf8 28. Bc1 a5 29. Kd3 Ke6 30. Nf1 Bd6 31. Ne3 Bf4 32. Bd2 Bxe3 33. Bxe3 a4 34. Kc2 h5 35. g3 Kf5 36. g4+ hxg4 37. hxg4+ Ke6 38. f4 axb3+ 39. Kxb3 Nc4 40. Bc1 Nd6 41. Kc2 Ne4 42. Be3 f5 43. g5 Kd6 44. Kb3 Kc7 45. Kb4 Kb6 46. Bc1 Nd6 47. a4 Nc4 48. Ba3 bxa4 49. Kxa4 Nxa3 50. Kxa3 Ka5 51. Kb2 Kb5 52. Kb3 c5 53. Kc2 cxd4 0-1